| 000 | 00436nam a2200181Ia 4500 | ||
|---|---|---|---|
| 005 | 20250423095402.0 | ||
| 008 | 250422s9999 xx 000 0 und d | ||
| 020 | _a0-675-02817-5 | ||
| 050 | _aQH308.H37/ | ||
| 100 | _aCharles H. Heimler | ||
| 245 | 0 | _aFocus on Physical Science | |
| 260 | _aOhio | ||
| 260 | _bCharles E. Merill Publishing Co | ||
| 260 | _c1981 | ||
| 300 | _a509 p | ||
| 650 | _aPhysical Science | ||
| 942 | _cBK | ||
| 999 |
_c30118 _d30118 |
||